<?xml version="1.0" encoding="UTF-8"?>
<record
    xmlns:xsi="http://www.w3.org/2001/XMLSchema-instance"
    xsi:schemaLocation="http://www.loc.gov/MARC21/slim http://www.loc.gov/standards/marcxml/schema/MARC21slim.xsd"
    xmlns="http://www.loc.gov/MARC21/slim">

  <leader>00454nam a22001577a 4500</leader>
  <controlfield tag="003">OSt</controlfield>
  <controlfield tag="005">20231124101856.0</controlfield>
  <controlfield tag="008">231124b        |||||||| |||| 00| 0 eng d</controlfield>
  <datafield tag="020" ind1=" " ind2=" ">
    <subfield code="a">9780000987570</subfield>
  </datafield>
  <datafield tag="040" ind1=" " ind2=" ">
    <subfield code="c">IIMT UNIVERSITY MEERUT </subfield>
  </datafield>
  <datafield tag="100" ind1=" " ind2=" ">
    <subfield code="a">CHUA CHEE KAI</subfield>
  </datafield>
  <datafield tag="245" ind1=" " ind2=" ">
    <subfield code="a">Rapid Prototyping: 3D Printing and Additive Manufacturing Principles and Applications 5ED</subfield>
  </datafield>
  <datafield tag="260" ind1=" " ind2=" ">
    <subfield code="a">NEW JERSEY</subfield>
    <subfield code="b">WORLD SCIENTIFIC </subfield>
  </datafield>
  <datafield tag="300" ind1=" " ind2=" ">
    <subfield code="a">426</subfield>
  </datafield>
  <datafield tag="942" ind1=" " ind2=" ">
    <subfield code="2">ddc</subfield>
    <subfield code="c">02</subfield>
    <subfield code="e">5TH</subfield>
  </datafield>
  <datafield tag="999" ind1=" " ind2=" ">
    <subfield code="c">57694</subfield>
    <subfield code="d">57694</subfield>
  </datafield>
  <datafield tag="952" ind1=" " ind2=" ">
    <subfield code="0">0</subfield>
    <subfield code="1">0</subfield>
    <subfield code="2">ddc</subfield>
    <subfield code="4">0</subfield>
    <subfield code="7">0</subfield>
    <subfield code="a">01</subfield>
    <subfield code="b">01</subfield>
    <subfield code="d">2023-11-24</subfield>
    <subfield code="e">KIRTI PRAKASHAN </subfield>
    <subfield code="g">1795.00</subfield>
    <subfield code="l">1</subfield>
    <subfield code="o">620.0042 CHU</subfield>
    <subfield code="p">01-B-141050</subfield>
    <subfield code="r">2025-09-11</subfield>
    <subfield code="s">2025-09-11</subfield>
    <subfield code="w">2023-11-24</subfield>
    <subfield code="y">01</subfield>
  </datafield>
  <datafield tag="952" ind1=" " ind2=" ">
    <subfield code="0">0</subfield>
    <subfield code="1">0</subfield>
    <subfield code="2">ddc</subfield>
    <subfield code="4">0</subfield>
    <subfield code="7">0</subfield>
    <subfield code="a">01</subfield>
    <subfield code="b">01</subfield>
    <subfield code="d">2023-11-24</subfield>
    <subfield code="e">KIRTI PRAKASHAN </subfield>
    <subfield code="g">1795.00</subfield>
    <subfield code="l">0</subfield>
    <subfield code="o">620.0042 CHU</subfield>
    <subfield code="p">01-B-141051</subfield>
    <subfield code="r">2023-11-24</subfield>
    <subfield code="w">2023-11-24</subfield>
    <subfield code="y">02</subfield>
  </datafield>
</record>
